Mick Foley's career opponents - Statistics

General Stats
  • This quiz has been taken 240 times
    174 since last reset
  • The average score is 59 of 142
Answer Stats
Answer % Correct
The Undertaker
98%
The Rock
96%
Triple H
96%
Kane
91%
"Stone Cold" Steve Austin
89%
Terry Funk
89%
Edge
87%
Randy Orton
87%
Ric Flair
87%
Bret "Hitman" Hart
85%
Chris Jericho
85%
Sting
85%
The Big Show
85%
Kevin Nash
83%
Owen Hart
83%
Tommy Dreamer
83%
Billy Gunn
80%
Jimmy Jack Funk
80%
Ron Simmons
80%
Shane McMahon
80%
Shawn Michaels
80%
Dustin Rhodes
78%
Sabu
78%
X-Pac
78%
Kurt Angle
76%
Test
76%
Big Bossman
74%
Road Dogg
74%
Al Snow
70%
Bam Bam Bigelow
70%
The Sandman
70%
Brian Pillman
67%
Davey Boy Smith
67%
Ken Shamrock
67%
"Ravishing" Rick Rude
67%
Bob Holly
65%
Jeff Jarrett
65%
Mark Henry
65%
Sid
65%
Big Van Vader
63%
D'Lo Brown
63%
Jerry "The King" Lawler
63%
Rick Steiner
63%
Scott Steiner
63%
Val Venis
63%
Abyss
59%
Marc Mero
59%
Mideon
59%
Ricky "The Dragon" Steamboat
59%
Ahmed Johnson
57%
Chyna
57%
Jake "The Snake" Roberts
57%
Abdullah the Butcher
54%
Bobby Eaton
54%
"Lord" Steven Regal
54%
Mikey Whipwreck
52%
"Superfly" Jimmy Snuka
52%
Viscera
52%
Brickhouse Brown
50%
Jim Neidhart
50%
John Bradshaw Layfield
48%
Marcus Alexander Bagwell
48%
J.T. Smith
46%
Steve Blackman
46%
Chris Candido
43%
Kevin Sullivan
43%
Carlito
41%
Fatu
41%
Michael "P.S." Hayes
41%
"Mr. Wonderful" Paul Orndorff
41%
Tom Zenk
41%
Savio Vega
39%
Scott Taylor
39%
Brad Armstrong
37%
Terry Gordy
37%
Chris Adams
35%
Doug Gilbert
35%
Eddie Gilbert
35%
Jimmy Garvin
35%
Scorpio
35%
Aldo Montoya
33%
Barry Horowitz
33%
Kamala
33%
Don Muraco
30%
Konnan
30%
Brian Knobbs
28%
Duke "The Dumpster" Droese
28%
Brian Lee
26%
Kevin Von Erich
26%
Larry Zbyszko
26%
The Patriot
26%
Doug Furnas
24%
Duane Gill
24%
Rick Martel
24%
Van Hammer
24%
Balls Mahoney
22%
Dan Spivey
22%
Nikita Koloff
22%
Tiger Ali Singh
22%
Axl Rotten
20%
David Sammartino
20%
Freddie Joe Floyd
20%
Ian Rotten
20%
Phil LaFon
20%
Umaga
20%
Mil Mascaras
17%
Eric Embry
15%
Gary Young
15%
Junkyard Dog
15%
Bastion Booger
13%
Hercules
13%
Jose Estrada
13%
Rex King
13%
Rip Rogers
13%
Bill Dundee
11%
El Gigante
11%
Mr. Hughes
9%
Yoshi Kwan
9%
Kenta Kobashi
4%
Sam Houston
4%
Shanghai Pierce
4%
Tom Brandi
4%
Tony Falk
4%
911
2%
Bill Kazmaier
2%
D.C. Drake
2%
Jason Knight
2%
Jay Strongbow Jr.
2%
Jonathan Coachman
2%
Mustafa
2%
Ray Odyssey
2%
WING Kanemura
2%
Alex Porteau
0%
Awesome Kong
0%
Billy Joe Travis
0%
Bruiser Bedlam
0%
Cheetah Kid
0%
Hack Myers
0%
Joey Maggs
0%
Jumbo Tsuruta
0%
Steve Simpson
0%
Tex Slazenger
0%
No matching quizzes found
Score Distribution
Percent of People with Each Score
Percentile by Number Answered
Your Score History
You have not taken this quiz since the last reset